Statistics for Largest Countries Bordering Each Other

Click here to take the quiz!

General Stats

  • This quiz has been taken 74,757 times
  • The average score is 19 of 22

Answer Stats

Country% Correct
China
100%
Russia
100%
Canada
99%
United States
99%
India
97%
Mexico
97%
Brazil
96%
Mongolia
95%
Argentina
94%
Kazakhstan
92%
Peru
88%
Colombia
87%
Bolivia
85%
Algeria
84%
Sudan
83%
D.R. Congo
82%
Libya
82%
Chad
81%
Niger
80%
Pakistan
78%
Mali
76%
Angola
64%

Score Distribution

Percentile by Number Answered

Percent of People with Each Score

Your Score History

You have not taken this quiz